|
|
|
|
| LEADER |
01465nam a2200385 a 4500 |
| 001 |
EBC554999 |
| 003 |
MiAaPQ |
| 005 |
20200520144314.0 |
| 006 |
m o d | |
| 007 |
cr cn||||||||| |
| 008 |
100121s2010 caua sb 001 0 eng |
| 010 |
|
|
|z 2009054081
|
| 015 |
|
|
|a GBB001954
|2 bnb
|
| 016 |
7 |
|
|z 015455215
|2 Uk
|
| 020 |
|
|
|z 9780470481226 (pbk.)
|
| 020 |
|
|
|z 0470481226 (pbk.)
|
| 035 |
|
|
|a (MiAaPQ)EBC554999
|
| 035 |
|
|
|a (Au-PeEL)EBL554999
|
| 035 |
|
|
|a (CaPaEBR)ebr10419291
|
| 035 |
|
|
|a (CaONFJC)MIL265653
|
| 035 |
|
|
|a (OCoLC)651601900
|
| 040 |
|
|
|a MiAaPQ
|c MiAaPQ
|d MiAaPQ
|
| 050 |
|
4 |
|a HD62.6
|b .A33 2010
|
| 100 |
1 |
|
|a Adams, Thomas H.,
|d 1948-
|
| 245 |
1 |
4 |
|a The nonprofit leadership transition and development guide
|h [electronic resource] :
|b proven paths for leaders and organizations /
|c Thomas Adams ; foreword by Ralph Smith.
|
| 250 |
|
|
|a 1st ed.
|
| 260 |
|
|
|a San Francisco :
|b Jossey-Bass :
|b TransitionGuides,
|c c2010.
|
| 300 |
|
|
|a xxiv, 358 p. :
|b ill.
|
| 504 |
|
|
|a Includes bibliographical references (p. 337-348) and index.
|
| 533 |
|
|
|a Electronic reproduction. Ann Arbor, MI : ProQuest, 2015. Available via World Wide Web. Access may be limited to ProQuest affiliated libraries.
|
| 650 |
|
0 |
|a Nonprofit organizations
|x Management.
|
| 650 |
|
0 |
|a Leadership.
|
| 655 |
|
4 |
|a Electronic books.
|
| 710 |
2 |
|
|a ProQuest (Firm)
|
| 856 |
4 |
0 |
|u https://ebookcentral.proquest.com/lib/matrademy/detail.action?docID=554999
|z Click to View
|